| 000 | 00341nam a2200133Ia 4500 | ||
|---|---|---|---|
| 008 | 231129s1994||||xx |||||||||||||| ||spa|| | ||
| 040 | _bspa | ||
| 082 | _a372.21 J61t | ||
| 100 | _aJimenez Velez Carlos Alberto | ||
| 245 | 0 | _aTaller cotidiano: Propuesta ludica didactica | |
| 260 | _c1994 | ||
| 264 | _aFondo Editorial | ||
| 942 |
_2ddc _cBKS |
||
| 999 |
_c24972 _d24972 |
||